[Event "Cappelle Online Blitz op 1st"]
[Site "Europe Echecs INT"]
[Date "2021.01.10"]
[Round "9"]
[White "Rahi, William"]
[Black "Cheikh, Faycal"]
[Result "0-1"]
[WhiteElo "1773"]
[BlackElo "1222"]
[PlyCount "74"]
[EventDate "2021.01.10"]
[EventType "swiss (blitz)"]
[EventRounds "11"]
[EventCountry "FRA"]
[SourceTitle "CBM 200 Extra"]
[Source "ChessBase"]
[SourceDate "2021.03.31"]
[SourceVersion "1"]
[SourceVersionDate "2021.03.31"]
[SourceQuality "1"]

1. e4 Nc6 2. Nf3 d5 3. exd5 Qxd5 4. Nc3 Qh5 5. d4 Bg4 6. Be2 0-0-0 7. Be3 e5 8. d5 Bb4 9. Qd3 f5 10. Qc4 Bxc3+ 11. bxc3 Na5 12. Qb5 b6 13. h3 Ne7 14. 0-0-0 Bxf3 15. Bxf3 Qg6 16. c4 f4 17. Bd2 Nb7 18. Rhe1 Qf6 19. Qa6 Kb8 20. d6 e4 21. Kb1 Nxd6 22. Bxe4 Nxe4 23. Rxe4 Nc6 24. c5 Rhe8 25. Rxe8 Rxe8 26. cxb6 axb6 27. Qc4 Na5 28. Bxa5 bxa5 29. Qb5+ Qb6 30. Qxb6+ cxb6 31. Rd4 g5 32. Rd7 Re2 33. Rxh7 Rxf2 34. g3 fxg3 35. Rg7 g2 36. Rxg5 Rf1+ 37. Kb2 g1Q 0-1